Ante el gran reto de la inmigración (Record no. 175020)

MARC details
000 -LEADER
campo de control de longitud fija 00863namaa2200253 i 4500
001 - NÚMERO DE CONTROL
campo de control 175020
003 - IDENTIFICADOR DE NÚMERO DE CONTROL
campo de control ES-MaACL
005 - FECHA Y HORA DE LA ÚLTIMA TRANSACCIÓN
campo de control 20230906215726.0
008 - DATOS DE LONGITUD FIJA--INFORMACIÓN GENERAL
campo de control de longitud fija 100930s2000 sp | |||| ||spa d
020 ## - NÚMERO INTERNACIONAL ESTÁNDAR DEL LIBRO
Número Internacional Estándar del Libro 84-393-5194-1
080 ## - NÚMERO DE LA CLASIFICACIÓN DECIMAL UNIVERSAL
Número de la Clasificación Decimal Universal 364.65-054.72(460)
100 1# - ENTRADA PRINCIPAL--NOMBRE DE PERSONA
Nombre de persona Pujol, Jordi.
9 (RLIN) 94337
245 10 - MENCIÓN DEL TÍTULO
Título Ante el gran reto de la inmigración
Resto del título : Casino de Madrid, 4 de julio de 2000 /
Mención de responsabilidad, etc. Jordi Pujol.
250 ## - MENCION DE EDICION
Mención de edición 1ª ed.
260 ## - PUBLICACIÓN, DISTRIBUCIÓN, ETC.
Lugar de publicación, distribución, etc. [Barcelona] :
Nombre del editor, distribuidor, etc. Departament de la Presidència,
Fecha de publicación, distribución, etc. 2000.
300 ## - DESCRIPCIÓN FÍSICA
Extensión 33 p. ;
Dimensiones 20 cm.
490 1# - MENCIÓN DE SERIE
Mención de serie Col-lecció missatges ;
Designación de volumen o secuencia 25
650 #4 - PUNTO DE ACCESO ADICIONAL DE MATERIA--TÉRMINO DE MATERIA
Término de materia o nombre geográfico como elemento de entrada Emigración e inmigración-
Subdivisión general Política gubernamental-
Subdivisión geográfica España.
9 (RLIN) 143373
710 0# - ENTRADA AGREGADA--NOMBRE DE ENTIDAD CORPORATIVA
Nombre de entidad corporativa o nombre de jurisdicción como elemento de entrada Casino de Madrid.
9 (RLIN) 2488
710 1# - ENTRADA AGREGADA--NOMBRE DE ENTIDAD CORPORATIVA
Nombre de entidad corporativa o nombre de jurisdicción como elemento de entrada Cataluña.
Unidad subordinada Generalidad.
9 (RLIN) 137850
830 0# - PUNTO DE ACCESO ADICIONAL DE SERIE-TÍTULO UNIFORME
Título uniforme Col-lecció missatges ;
Designación de volumen o secuencia 25
9 (RLIN) 223835
852 ## - LOCALIZACIÓN
Ubicación ES-MaACL
Número de control de estantería 2257-F-11
Holdings
Estatus retirado Estado de pérdida Estado de daño No para préstamo Colección Biblioteca de origen Biblioteca actual Ubicación en estantería Fecha de adquisición Fuente de adquisición Total de préstamos Signatura topográfica completa Código de barras Visto por última vez Precio de reemplazo Tipo de ítem Koha
        Colección de folletos Biblioteca del Ateneo de Madrid Biblioteca del Ateneo de Madrid Depósito folletos 30/09/2010     2257-F-11 1183777 23/02/2023 23/02/2023 Folleto